Použitie logistickej regresie pri analýze chudoby

Vplyv významných faktorov chudoby. Analýza je založená na údajoch zozbieraných v rámci projektu EU SILC 2006 na Slovensku. Pri analýze údajov autor používa binárnu logistickú regresiu.

Saved in:
Bibliographic Details
Main Author: Nguyen Dinh, He
Format: Book Chapter
Language:Slovak
Subjects:
Tags: Add Tag
No Tags, Be the first to tag this record!

MARC

LEADER 00000nla$a2200000$$$4500
001 0094179
005 20240502083239.2
041 0 |a slo 
044 |a CZ 
245 1 0 |a Použitie logistickej regresie pri analýze chudoby  |c He Nguyen Dinh 
520 |a Vplyv významných faktorov chudoby. Analýza je založená na údajoch zozbieraných v rámci projektu EU SILC 2006 na Slovensku. Pri analýze údajov autor používa binárnu logistickú regresiu. 
610 2 0 |a peniaze 
610 2 0 |a chudoba 
610 2 0 |a Slovensko 
610 2 0 |a štatistika 
610 2 0 |a regresia 
610 2 0 |a projekty 
610 2 0 |a Európska únia 
100 1 |a Nguyen Dinh, He